| 000 | 00425 a2200133 4500 | ||
|---|---|---|---|
| 001 | 91431 | ||
| 082 | _aPR 1329 | ||
| 090 |
_c43563 _d43562 |
||
| 100 | _aShumaila Batool; Prof Sohail Ahmed and Shehzad Arshad (Advisors) | ||
| 245 |
_aDesign and Development of PC Based Software Defined Radio (SDR) Part 1 : software Part _n72 "B" EC |
||
| 260 |
_aRawalpindi _bNUST _c2012 |
||
| 300 | _axii, 73p | ||
| 500 | _aBE Project Reports | ||
| 942 |
_aCAE NUST _kPR 1329 |
||
| 999 |
_c326504 _d326504 |
||